UBT Library

1-to-1 learning : (Record no. 43254)

000 -LEADER
fixed length control field 00872cam a2200253 a 4500
001 - CONTROL NUMBER
control field 15596780
005 - DATE AND TIME OF LATEST TRANSACTION
control field 20180223072108.0
008 - FIXED-LENGTH DATA ELEMENTS--GENERAL INFORMATION
fixed length control field 090123s2009 orua b 000 0 eng
010 ## - LIBRARY OF CONGRESS CONTROL NUMBER
LC control number 2009001333
020 ## - INTERNATIONAL STANDARD BOOK NUMBER
International Standard Book Number 9781564842541 (pbk.)
035 ## - SYSTEM CONTROL NUMBER
System control number (OCoLC)ocn276817961
040 ## - CATALOGING SOURCE
Original cataloging agency DLC
Transcribing agency DLC
Modifying agency YDX
-- BTCTA
-- YDXCP
-- CDX
-- DLC
041 ## - LANGUAGE CODE
Language code of text/sound track or separate title eng
080 ## - UNIVERSAL DECIMAL CLASSIFICATION NUMBER
Universal Decimal Classification number 371.334 PAM
082 00 - DEWEY DECIMAL CLASSIFICATION NUMBER
Classification number 371.334 PAM
Edition number 22
100 1# - Rafti
Rafti 25
101 ## - Shkurtesa
Shkurtesa EDU
245 10 - TITLE STATEMENT
Title 1-to-1 learning :
Statement of responsibility, etc Pamela Livingston.
246 3# - VARYING FORM OF TITLE
Title proper/short title One-to-one learning
504 ## - BIBLIOGRAPHY, ETC. NOTE
Bibliography, etc Includes bibliographical references.
906 ## - LOCAL DATA ELEMENT F, LDF (RLIN)
a 7
b cbc
c orignew
d 1
e ecip
f 20
g y-gencatlg
942 ## - ADDED ENTRY ELEMENTS (KOHA)
Source of classification or shelving scheme
Item type Books
Holdings
Withdrawn status Lost status Source of classification or shelving scheme Damaged status Not for loan Collection code Permanent location Current location Shelving location Date acquired Total Checkouts Full call number Barcode Date last seen Price effective from Koha item type
          Koleksioni i përgjithshem UBT - Lipjan UBT - Lipjan Koleksioni i përgjithshem 02/23/2018   371.334 PAM 002-2999593 02/23/2018 02/23/2018 Books
UBT Library © 2015-2024. All rights reserved University Education for Business and Technology